000 00590nam a2200193Ia 4500
005 20250508164950.0
008 008 250505s9999 xx 000 0 eng d
037 _aTextual
040 _aFEDL
_beng
_cFEDL
041 _aeng
_2eng
084 _a371.9, TER
_qFEDL
100 _aTerzi Lorella
_9779607
245 0 _aJustice and equality in education: A capability perspective on disability and special educational needs
260 _aLondon, UK
_bContinuum
_c2010
300 _axii,212p.
365 _aGBP
_b24.99
942 _cTEXL
_h371.9, TER
999 _c1392320
_d1392320